Statistics for Estacions del Metro de Barcelona en un Mapa

Click here to take the quiz!

General Stats

  • This quiz has been taken 114 times
  • The average score is 74 of 149

Answers on the Map

Answers color-coded by a green-red scale on the quiz's map according to % correct below.
 

Answer Stats

LíniasEstacions% Correct
L1, L3, L6, L7Catalunya
98%
L1, L3, L8Espanya
91%
L2, L3, L4Passeig de Gràcia
88%
L1, L5Plaça de Sants
88%
L1, L9 NordFondo
86%
L3, L5Sants Estació
86%
L1Arc de Triomf
84%
L1, L5, L9 Nord, L10La Sagrera
84%
L1, L2Universitat
84%
L4Barceloneta
81%
L1, L2Clot
81%
L2, L5Sagrada Familia
81%
L1, L4Urquinaona
81%
L1Glòries
79%
L1Marina
79%
L2, L3Paral·lel
79%
L3Lesseps
77%
L3Poble Sec
77%
L3, L5Vall d'Hebron
77%
L3, L5Diagonal
74%
L3, L9 SudZona Universitària
74%
L3Drassanes
72%
L3Fontana
72%
L3Liceu
72%
L3Maria Cristina
72%
L4, L5Verdaguer
72%
L2Badalona Pompeu Fabra
67%
L1Bellvitge
67%
L5Hospital Clínic
67%
L3Palau Reial
67%
L1Urgell
67%
L3Vallcarca
67%
L9 SudAeroport T1
65%
L5Badal
65%
L5Cornellà Centre
65%
L6, L7Gràcia
65%
L1Hospital de Bellvitge
65%
L3Les Corts
65%
L1Rocafort
65%
L3Tarragona
65%
L9 SudAeroport T2
63%
L1Santa Coloma
63%
L1Sant Andreu
63%
L6, L12Sarrià
63%
L4Jaume I
60%
L1Navas
60%
L3Plaça del Centre
60%
L4Poblenou
60%
L5Sant Pau | Dos de Maig
60%
L2Tetuan
60%
L3, L4, L11Trinitat Nova
60%
L4Alfons X
58%
L7Avinguda Tibidabo
58%
L4Bogatell
58%
L4Ciutadella | Vila Olímpica
58%
L5, L9 SudCollblanc
58%
L2Encants
58%
L5Entença
58%
L1Fabra i Puig
58%
L5Horta
58%
L2, L4La Pau
58%
L4Girona
56%
L4Joanic
56%
L3Penitents
56%
L4, L5Maragall
53%
L1Torras i Bages
53%
L1, L9 SudTorrassa
53%
L1Trinitat Vella
53%
L3Canyelles
51%
L1Florida
51%
L1Hostafrancs
51%
L1Mercat Nou
51%
L3Mundet
51%
L3Roquetes
51%
L5Camp de l'Arpa
49%
L5El Carmel
49%
L4Guinardó
Hospital de Sant Pau
49%
L4Llacuna
49%
L1Santa Eulàlia
49%
L2Sant Antoni
49%
L4El Maresme | Fòrum
47%
L7Plaça Molina
47%
L6, L7Provença
47%
L12Reina Elisenda
47%
L6Sant Gervasi
47%
L4Selva de Mar
47%
L4Besòs
44%
L2Monumental
44%
L6Muntaner
44%
L2Sant Martí
44%
L1, L8Avinguda Carrilet
42%
L2Bac de Roda
42%
L3Montbau
42%
L1Can Serra
40%
L2, L10Gorg
40%
L2Verneda
40%
L2Artigues | Sant Adrià
37%
L4Besòs Mar
37%
L5El Coll | La Teixonera
37%
L8, L9 SudEuropa | Fira
37%
L6La Bonanova
37%
L6Les Tres Torres
37%
L3Valldaura
37%
L4Via Júlia
37%
L5Congrés
35%
L7Pàdua
35%
L1Rambla Just Oliveras
35%
L5Vilapicina
35%
L5Virrei Amat
35%
L1Baró de Viver
33%
L5Can Vidalet
33%
L9 SudEl Prat Estació
33%
L9 SudFira
33%
L5Gavarra
33%
L4Llucmajor
33%
L8Magòria-La Campana
33%
L5Sant Ildefons
33%
L7El Putxet
30%
L2Pep Ventura
30%
L11Torre Baró | Vallbona
30%
L8Almeda
28%
L5Can Boixeres
28%
L9 NordCan Zam
28%
L8Moli Nou
Ciutat Cooperativa
28%
L8Sant Boi
28%
L2Sant Roc
28%
L9 SudCan Tries | Gornal
26%
L11Ciutat Meridiana
26%
L8Gornal
26%
L5Pubilla Cases
26%
L8Sant Josep
26%
L8Cornellà Riera
23%
L8Ildefons Cerdà
23%
L9 SudMercabarna
23%
L9 Nord, L10Bon Pastor
21%
L11Can Cuiàs
21%
L10La Salut
21%
L10Llefià
21%
L9 SudMas Blau
21%
L9 Nord, L10Onze de Setembre
21%
L9 NordSinguerlín
21%
L9 NordCan Peixauet
19%
L11Casa de l'Aigua
19%
L9 NordEsglésia Major
19%
L9 SudLes Moreres
19%
L9 SudParc Logístic
19%
L9 SudParc Nou
19%
L9 NordSanta Rosa
19%
L9 SudCéntric
16%

Score Distribution

Percentile by Number Answered

Percent of People with Each Score

Your Score History

You have not taken this quiz